[Event "Senior-DM 65+ 2025"]
[Site "Copenhagen"]
[Date "2025.02.10"]
[Round "3.15"]
[White "Munk, Kai S"]
[Black "Mielow, Bjarne"]
[Result "1-0"]
[WhiteElo "1940"]
[BlackElo "1716"]
[WhiteFideId "1406949"]
[BlackFideId "1415484"]
[EventDate "2025.02.08"]
[EventType "swiss"]
[EventRounds "7"]
[EventCountry "DEN"]
[SourceTitle "Live v. Obro Skakforening"]

1. d4 d5 2. c4 Nf6 3. Nc3 c6 4. cxd5 Nxd5 5. e4 Nxc3 6. bxc3 g6 7. Nf3 Bg7 8. Bc4 O-O 9. O-O c5 10. Be3 Nc6 11. h3 Na5 12. Be2 cxd4 13. cxd4 b6 14. Rc1 Nb7 15. Qd3 Nd6 16. Nd2 Bb7 17. f3 Qd7 18. g4 Rfc8 19. Qa3 h6 20. Rfd1 Rxc1 21. Rxc1 Kh7 22. Qb3 e6 23. e5 Nc8 24. Bb5 Qd8 25. Qb2 Ne7 26. Nc4 Nc8 27. Nd2 Ne7 28. Ne4 Nc8 29. Qc3 Ne7 30. Qc7 Bxe4 31. fxe4 Bf8 32. Ba6 Kg7 33. Bb7 Rb8 34. d5 exd5 35. exd5 Qxc7 36. Rxc7 Rxb7 37. Rxb7 Nxd5 38. Bf2 a5 39. Rd7 Nf4 40. Bxb6 a4 41. Kh2 a3 42. Bc7 Ne6 43. Bd6 g5 44. Ra7 Nd4 45. Rxa3 Nb5 46. Rd3 Nxd6 47. exd6 Kf6 48. d7 Be7 1-0

[Event "Senior-DM 65+ 2025"]
[Site "Copenhagen"]
[Date "2025.02.10"]
[Round "3.16"]
[White "Brandt, Jorn"]
[Black "Teimer, Torben"]
[Result "0-1"]
[WhiteElo "1690"]
[BlackElo "1961"]
[WhiteFideId "1411543"]
[BlackFideId "1405179"]
[EventDate "2025.02.08"]
[EventType "swiss"]
[EventRounds "7"]
[EventCountry "DEN"]
[SourceTitle "Live v. Obro Skakforening"]

1. d4 Nf6 2. Nf3 g6 3. c3 Bg7 4. e3 d5 5. Be2 O-O 6. O-O Re8 7. Re1 Nbd7 8. Nbd2 e5 9. dxe5 Nxe5 10. Nxe5 Rxe5 11. Nf3 Re8 12. Bd3 a6 13. Qc2 c5 14. c4 Bg4 15. Nd2 d4 16. e4 Nh5 17. f3 Bd7 18. Nb3 b6 19. Bd2 Be5 20. Rf1 Qh4 21. h3 Bxh3 22. Be1 Qg5 23. Rf2 Qg3 24. Bd2 Qh2+ 25. Kf1 Qh1+ 26. Ke2 Ng3# 0-1

[Event "Senior-DM 65+ 2025"]
[Site "Copenhagen"]
[Date "2025.02.11"]
[Round "4.1"]
[White "Andreasen, Per Naesby"]
[Black "Pedersen, Karsten Nymann"]
[Result "1-0"]
[WhiteElo "2233"]
[BlackElo "2040"]
[WhiteFideId "1400886"]
[BlackFideId "1410156"]
[EventDate "2025.02.08"]
[EventType "swiss"]
[EventRounds "7"]
[EventCountry "DEN"]
[SourceTitle "Live v. Obro Skakforening"]

1. Nf3 Nf6 2. c4 b6 3. d4 Bb7 4. Nc3 e6 5. a3 d5 6. cxd5 exd5 7. Bg5 Be7 8. e3 Nbd7 9. Rc1 O-O 10. Bd3 h6 11. Bf4 c5 12. Bf5 Ne4 13. O-O Ndf6 14. Ne5 Nd6 15. Bb1 Rc8 16. Ng4 Nxg4 17. Qxg4 f5 18. Qg3 Kh7 19. Qh3 Ne4 20. f3 cxd4 21. exd4 Ng5 22. Bxg5 Bxg5 23. f4 Be7 24. Bxf5+ g6 25. Bxc8 Bxc8 26. Qf3 Rh8 1-0

[Event "Senior-DM 65+ 2025"]
[Site "Copenhagen"]
[Date "2025.02.11"]
[Round "4.2"]
[White "Alkaersig, Ole"]
[Black "Thuesen, Mogens Henrik"]
[Result "0-1"]
[WhiteElo "2185"]
[BlackElo "2216"]
[WhiteFideId "1401416"]
[BlackFideId "1400878"]
[EventDate "2025.02.08"]
[EventType "swiss"]
[EventRounds "7"]
[EventCountry "DEN"]
[SourceTitle "Live v. Obro Skakforening"]

1. e4 e5 2. Nf3 Nc6 3. Bb5 a6 4. Ba4 Nf6 5. d4 exd4 6. O-O Be7 7. Re1 O-O 8. e5 Ne8 9. Bf4 d6 10. Bxc6 bxc6 11. Nxd4 Bd7 12. Qf3 d5 13. Nc3 Rb8 14. Nb3 Qc8 15. h3 g6 16. Na4 Ng7 17. Bh6 Rb4 18. Nac5 Bf5 19. c3 Rh4 20. Bxg7 Kxg7 21. Rad1 Rc4 22. Qe3 a5 23. Nd3 a4 24. Nd4 a3 25. Nxf5+ Qxf5 26. Qd2 Bg5 27. Qc2 axb2 28. Qxb2 Ra8 29. Re2 Be7 30. Qb7 Qc8 31. Qxc8 Rxc8 32. Rc2 Ra8 33. Kf1 Ra3 34. Rdc1 Bg5 35. f4 Bxf4 36. Nxf4 Rxf4+ 37. Rf2 Rxf2+ 0-1

[Event "Senior-DM 65+ 2025"]
[Site "Copenhagen"]
[Date "2025.02.11"]
[Round "4.3"]
[White "Petersen, Peter Birk"]
[Black "Simonsen, Carsten"]
[Result "0-1"]
[WhiteElo "2117"]
[BlackElo "2190"]
[WhiteFideId "1401696"]
[BlackFideId "1439898"]
[EventDate "2025.02.08"]
[EventType "swiss"]
[EventRounds "7"]
[EventCountry "DEN"]
[SourceTitle "Live v. Obro Skakforening"]

1. e4 e5 2. Nf3 Nc6 3. Bc4 Nf6 4. d3 Bc5 5. c3 d6 6. O-O a5 7. a4 h6 8. Na3 Bg4 9. Nc2 O-O 10. Be3 Bxe3 11. Nxe3 Be6 12. Re1 Qd7 13. Bb5 Qd8 14. d4 exd4 15. cxd4 d5 16. e5 Ne4 17. Bxc6 bxc6 18. Nd2 f5 19. exf6 Qxf6 20. f3 Ng5 21. Nb3 Rab8 22. h4 Ne4 23. Ra3 Qxh4 24. Re2 Ng3 25. Rc2 Bf5 26. Rxc6 Rbe8 27. Qc1 0-1

[Event "Senior-DM 65+ 2025"]
[Site "Copenhagen"]
[Date "2025.02.11"]
[Round "4.4"]
[White "Andersen, Morten"]
[Black "Moe, Mogens"]
[Result "1-0"]
[WhiteElo "2194"]
[BlackElo "2125"]
[WhiteFideId "1504908"]
[BlackFideId "1400550"]
[EventDate "2025.02.08"]
[EventType "swiss"]
[EventRounds "7"]
[EventCountry "DEN"]
[SourceTitle "Live v. Obro Skakforening"]

1. Nf3 Nf6 2. d4 g6 3. c4 Bg7 4. e3 O-O 5. Be2 d5 6. cxd5 Qxd5 7. Nc3 Qa5 8. O-O c6 9. Bd2 Rd8 10. a4 Qf5 11. Nh4 Qd7 12. Qb3 a5 13. Bc4 e6 14. Nf3 Na6 15. Rfd1 Nb4 16. e4 Qc7 17. Rac1 b6 18. Bg5 Re8 19. d5 Ba6 20. Bxa6 Rxa6 21. Nb5 Qb8 22. dxc6 Nxe4 23. c7 Qb7 24. c8=Q Rxc8 25. Rxc8+ Qxc8 26. Rd8+ Qxd8 27. Bxd8 Nc5 28. Qd1 Bf8 29. Ne5 Nd5 30. Nc7 Nxc7 31. Bxc7 Be7 32. Bd6 Bf6 33. Qf3 Kg7 34. Bf8+ Kxf8 35. Qxf6 Ra7 36. Qh8+ Ke7 37. Nc6+ 1-0

[Event "Senior-DM 65+ 2025"]
[Site "Copenhagen"]
[Date "2025.02.11"]
[Round "4.5"]
[White "Teimer, Torben"]
[Black "Hartung Nielsen, Jens"]
[Result "1/2-1/2"]
[WhiteElo "1961"]
[BlackElo "2169"]
[WhiteFideId "1405179"]
[BlackFideId "1400690"]
[EventDate "2025.02.08"]
[EventType "swiss"]
[EventRounds "7"]
[EventCountry "DEN"]
[SourceTitle "Live v. Obro Skakforening"]

1. c4 e6 2. g3 d5 3. Bg2 Nf6 4. d4 c5 5. cxd5 exd5 6. Nc3 cxd4 7. Qxd4 Nc6 8. Qd1 d4 9. Ne4 Bf5 10. Nxf6+ Qxf6 11. Nf3 Bb4+ 12. Bd2 O-O 13. O-O Bxd2 14. Qxd2 Rad8 15. Qf4 Rfe8 16. Nh4 Re5 17. Nxf5 Rxf5 18. Qc7 Rb5 19. b3 Qd6 20. Qxd6 Rxd6 21. Rac1 g6 22. Rfd1 1/2-1/2

[Event "Senior-DM 65+ 2025"]
[Site "Copenhagen"]
[Date "2025.02.11"]
[Round "4.6"]
[White "Gronhoj, Benny"]
[Black "Munk, Kai S"]
[Result "0-1"]
[WhiteElo "2023"]
[BlackElo "1940"]
[WhiteFideId "1404245"]
[BlackFideId "1406949"]
[EventDate "2025.02.08"]
[EventType "swiss"]
[EventRounds "7"]
[EventCountry "DEN"]
[SourceTitle "Live v. Obro Skakforening"]

1. e4 c6 2. d4 d5 3. Nc3 dxe4 4. Nxe4 Bf5 5. Ng3 Bg6 6. h4 h6 7. h5 Bh7 8. Nf3 e6 9. Bd3 Bxd3 10. Qxd3 Nd7 11. Bd2 Ngf6 12. Qe2 Bd6 13. Ne5 Qb6 14. Nxd7 Nxd7 15. O-O-O Nf6 16. Ne4 Nxe4 17. Qxe4 O-O-O 18. f4 Qb5 19. Qe3 Kb8 20. Rh3 Bc7 21. Bc3 Qf5 22. Bd2 Qd5 23. Qa3 Qxd4 24. Rd3 Qf6 25. Be3 b6 26. Rd7 Rxd7 27. Rxd7 a5 28. Qb3 b5 29. c4 Qh4 30. cxb5 c5 31. Bxc5 Bxf4+ 32. Kb1 Qe1+ 33. Rd1 Qe4+ 34. Qd3 Qxd3+ 35. Rxd3 Rc8 36. Bd6+ Bxd6 37. Rxd6 Rc5 38. Rd8+ Kc7 39. Rf8 Rxb5 40. g4 f5 41. g5 hxg5 42. Rf7+ Kd6 43. Rxg7 Rb4 44. Rxg5 Rh4 45. Kc2 Ke5 46. Rg3 Rh2+ 47. Kb3 Rxh5 48. Ka4 f4 49. Rg1 f3 50. b4 axb4 51. Kxb4 Kf4 52. Ra1 f2 53. a4 Re5 54. Rf1 Kf3 0-1

[Event "Senior-DM 65+ 2025"]
[Site "Copenhagen"]
[Date "2025.02.11"]
[Round "4.7"]
[White "Nielsen, Christian Volmer"]
[Black "Peschardt, Soren"]
[Result "1/2-1/2"]
[WhiteElo "1966"]
[BlackElo "1890"]
[WhiteFideId "1419102"]
[BlackFideId "1402927"]
[EventDate "2025.02.08"]
[EventType "swiss"]
[EventRounds "7"]
[EventCountry "DEN"]
[SourceTitle "Live v. Obro Skakforening"]

1. e4 d5 2. exd5 Qxd5 3. d4 Nc6 4. Nf3 e5 5. c4 Qe4+ 6. Be3 exd4 7. Nxd4 Nxd4 8. Qxd4 Qxd4 9. Bxd4 Nf6 10. Nc3 Bb4 11. O-O-O Bxc3 12. Bxc3 Be6 13. Bxf6 gxf6 14. b3 Rg8 15. g3 Rd8 16. Bg2 c6 17. Rhe1 Rxd1+ 18. Kxd1 Kd7 19. Re4 Kd6 20. Kd2 a5 21. Rf4 Ke5 22. Kc3 Rg4 23. Rxg4 Bxg4 24. c5 Bf5 25. f4+ Ke6 26. Kd4 Bb1 27. a3 Bc2 28. b4 axb4 29. axb4 Ba4 30. Be4 f5 31. Bd3 Bb3 32. g4 fxg4 33. Bxh7 Bd5 34. Bd3 f5 35. Be2 Bb3 36. Bd3 Bd5 37. Bf1 Bb3 38. Bg2 Ba4 39. h3 gxh3 40. Bxh3 Bb5 41. Bg2 Ba4 42. Bf3 Bb5 43. Bd1 Kf6 44. Bb3 Bf1 45. Ke3 Bb5 46. Bd1 Bf1 47. Bf3 Bc4 48. Kd4 Bb5 49. Ke3 Bc4 50. Kf2 Ke6 51. Ke3 1/2-1/2

[Event "Senior-DM 65+ 2025"]
[Site "Copenhagen"]
[Date "2025.02.11"]
[Round "4.8"]
[White "Skovgaard, Tom"]
[Black "Nielsen, John Holm"]
[Result "0-1"]
[WhiteElo "1951"]
[BlackElo "1978"]
[WhiteFideId "1406337"]
[BlackFideId "1406256"]
[EventDate "2025.02.08"]
[EventType "swiss"]
[EventRounds "7"]
[EventCountry "DEN"]
[SourceTitle "Live v. Obro Skakforening"]

1. e4 e5 2. Nf3 Nc6 3. d4 exd4 4. Nxd4 Bc5 5. Be3 Bb6 6. Nxc6 bxc6 7. Bxb6 axb6 8. Bd3 d6 9. Nd2 Nf6 10. O-O O-O 11. Re1 Re8 12. h3 Ba6 13. Bxa6 Rxa6 14. a3 Ra5 15. Qf3 Rae5 16. Qd3 Nh5 17. Qf3 Qf6 18. Re3 Qxf3 19. Rxf3 Nf6 20. Rc3 c5 21. f3 R5e7 22. Rd3 Nh5 23. Nf1 Nf4 24. Rd2 f5 25. Ng3 fxe4 26. Nxe4 d5 27. Ng3 g6 28. Rad1 c6 29. Kf1 Kf7 30. h4 h5 31. Nh1 Ne2 32. c3 c4 33. g3 Kf6 34. Kf2 b5 35. Re1 Nxg3 36. Nxg3 Rxe1 37. Ne4+ R1xe4 38. fxe4 Rxe4 39. Kg3 Rg4+ 40. Kh3 Rf4 41. Rg2 Rf3+ 42. Kh2 Rf5 43. Re2 g5 44. hxg5+ Kxg5 45. Rg2+ Kf6 46. Kh3 Ke6 47. Kh4 Kd6 48. Re2 Kc5 49. Rd2 Re5 50. Kg3 Re4 51. Rh2 h4+ 52. Kf3 Kb6 53. Rg2 h3 54. Rg6 Rh4 0-1

[Event "Senior-DM 65+ 2025"]
[Site "Copenhagen"]
[Date "2025.02.11"]
[Round "4.9"]
[White "Petersen, Nils"]
[Black "Fjordside, Arne Dan"]
[Result "1-0"]
[WhiteElo "1932"]
[BlackElo "1830"]
[WhiteFideId "1403346"]
[BlackFideId "1418580"]
[EventDate "2025.02.08"]
[EventType "swiss"]
[EventRounds "7"]
[EventCountry "DEN"]
[SourceTitle "Live v. Obro Skakforening"]

1. c4 d6 2. g3 Nf6 3. Bg2 c6 4. Nc3 e5 5. d4 Nbd7 6. e4 Be7 7. Nge2 O-O 8. O-O Re8 9. h3 Qc7 10. Be3 Nf8 11. f4 N6d7 12. fxe5 dxe5 13. d5 Bc5 14. Bxc5 Nxc5 15. b4 Ncd7 16. Qb3 a5 17. a3 Qb6+ 18. Kh2 axb4 19. axb4 Rxa1 20. Rxa1 Qe3 21. Qc2 Nf6 22. Nd1 Qh6 23. Nf2 Ng4+ 24. Nxg4 Bxg4 25. Ng1 Bd7 26. Qf2 Bc8 27. Rf1 f6 28. Nf3 Ng6 29. Qd2 Qxd2 30. Nxd2 Kf7 31. Bf3 Ke7 32. c5 Bd7 33. d6+ Kf7 34. Nc4 Nf8 35. Bh5+ g6 36. Bg4 h5 37. Bxd7 Nxd7 38. Ra1 Ke6 39. Ra7 Rb8 40. Na5 f5 41. exf5+ gxf5 42. Rxb7 Rxb7 43. Nxb7 Kd5 44. Na5 e4 45. Kg2 Kd4 46. Nxc6+ Kd3 47. Kf1 Kd2 48. Nd4 Kd3 49. Nc6 1-0

[Event "Senior-DM 65+ 2025"]
[Site "Copenhagen"]
[Date "2025.02.11"]
[Round "4.10"]
[White "Nielsen, Jorgen Lovgren"]
[Black "Petersen, Bent"]
[Result "1-0"]
[WhiteElo "2030"]
[BlackElo "1932"]
[WhiteFideId "1403850"]
[BlackFideId "1424211"]
[EventDate "2025.02.08"]
[EventType "swiss"]
[EventRounds "7"]
[EventCountry "DEN"]
[SourceTitle "Live v. Obro Skakforening"]

1. e4 c5 2. Nf3 d6 3. d4 cxd4 4. Nxd4 Nf6 5. Nc3 a6 6. Be2 e6 7. O-O Be7 8. Be3 O-O 9. a4 Bd7 10. f4 Nc6 11. Bf3 Nxd4 12. Bxd4 Bc6 13. Qd3 Nd7 14. Bf2 Nc5 15. Qe2 Nd7 16. Rfd1 Rc8 17. Qe3 d5 18. exd5 Bc5 19. Qe2 Bxf2+ 20. Qxf2 exd5 21. Nxd5 Bxd5 22. Bxd5 Qc7 23. c4 Nf6 24. b3 Ng4 25. Qd4 Rfe8 26. h3 Ne3 27. Rd2 Nf5 28. Qf2 Qe7 29. Rd3 h5 30. Qf3 Qc5+ 31. Kh2 b6 32. Qxh5 Nh6 33. Rg3 Re3 34. Bxf7+ 1-0

[Event "Senior-DM 65+ 2025"]
[Site "Copenhagen"]
[Date "2025.02.11"]
[Round "4.11"]
[White "Matras, Ove"]
[Black "Olsen, Claus B"]
[Result "0-1"]
[WhiteElo "1859"]
[BlackElo "2023"]
[WhiteFideId "1416790"]
[BlackFideId "1403575"]
[EventDate "2025.02.08"]
[EventType "swiss"]
[EventRounds "7"]
[EventCountry "DEN"]
[SourceTitle "Live v. Obro Skakforening"]

1. e4 d5 2. exd5 Qxd5 3. Nc3 Qa5 4. d4 Nf6 5. Nf3 c6 6. Be2 Bf5 7. Bd2 Nbd7 8. O-O e6 9. a3 Qc7 10. Qc1 Bd6 11. Nd1 Nd5 12. Re1 Nf4 13. Ne3 Be4 14. Ng4 Nxe2+ 15. Rxe2 Bxf3 16. gxf3 h5 17. Ne5 Nxe5 18. dxe5 Bxe5 19. f4 Bd6 20. c4 O-O-O 21. c5 Be7 22. Qe1 Bxc5 23. b4 Bd6 24. Re4 Kb8 25. a4 h4 26. h3 Rh5 27. Qe2 Rf5 28. Qc4 Be7 29. Be3 Rfd5 30. Kg2 Qd7 31. b5 c5 32. Qc2 Bf6 33. Rc1 Bd4 34. Bxd4 cxd4 35. Qd3 Rc8 36. Rxc8+ Kxc8 37. Re2 Rc5 38. f3 g6 39. Rd2 Rd5 40. Rc2+ Kb8 41. Rc4 b6 42. Rc6 Rc5 43. a5 Rxc6 44. bxc6 Qd5 45. axb6 axb6 46. Qa3 Qc5 47. Qd3 Kc7 48. Qe4 Qd5 0-1

[Event "Senior-DM 65+ 2025"]
[Site "Copenhagen"]
[Date "2025.02.11"]
[Round "4.12"]
[White "Moller, Arne Vagn"]
[Black "Kjaerbye, Michael Saager"]
[Result "0-1"]
[WhiteElo "1861"]
[BlackElo "2149"]
[WhiteFideId "1406175"]
[BlackFideId "1401165"]
[EventDate "2025.02.08"]
[EventType "swiss"]
[EventRounds "7"]
[EventCountry "DEN"]
[SourceTitle "Live v. Obro Skakforening"]

1. e4 d6 2. d4 Nf6 3. Nc3 g6 4. Be2 Bg7 5. Be3 O-O 6. h3 c6 7. Nf3 b5 8. a3 Qc7 9. O-O Nbd7 10. Bd3 a6 11. Ne2 Bb7 12. Ng3 c5 13. c3 e5 14. Rc1 Rfe8 15. d5 Bxd5 16. exd5 e4 17. Nxe4 Nxe4 18. Bf4 Nef6 19. c4 bxc4 20. Bxc4 Nh5 21. Bd2 Bxb2 22. Rb1 Bg7 23. g4 Nhf6 24. Qc2 Ne4 25. Bf4 Nb6 26. Ba2 Nc3 27. Rbe1 Nbxd5 28. Bxd5 Nxd5 29. Bg3 Qc6 30. Rd1 Nc3 31. Rd3 Ne2+ 32. Kh2 Nxg3 33. fxg3 Rab8 34. Qc4 Rb2+ 35. Kg1 Ree2 36. Qxf7+ Kxf7 37. Ne5+ Ke6 0-1

[Event "Senior-DM 65+ 2025"]
[Site "Copenhagen"]
[Date "2025.02.11"]
[Round "4.13"]
[White "Lauritsen, Niels"]
[Black "Andersen, Bjarne Hjorth"]
[Result "1/2-1/2"]
[WhiteElo "1957"]
[BlackElo "1894"]
[WhiteFideId "1404474"]
[BlackFideId "1404946"]
[EventDate "2025.02.08"]
[EventType "swiss"]
[EventRounds "7"]
[EventCountry "DEN"]
[SourceTitle "Live v. Obro Skakforening"]

1. e4 c6 2. Nf3 d5 3. exd5 cxd5 4. Ne5 Nc6 5. d4 Nf6 6. c3 Qb6 7. Bd3 g6 8. O-O Bg7 9. Qe2 e6 10. Nd2 O-O 11. Ndf3 Nxe5 12. Nxe5 Nd7 13. Nf3 1/2-1/2

[Event "Senior-DM 65+ 2025"]
[Site "Copenhagen"]
[Date "2025.02.11"]
[Round "4.14"]
[White "Olesen, Poul Erik Norgaard"]
[Black "Jensen, Allan Astrup"]
[Result "1-0"]
[WhiteElo "1961"]
[BlackElo "1967"]
[WhiteFideId "1404253"]
[BlackFideId "1401181"]
[EventDate "2025.02.08"]
[EventType "swiss"]
[EventRounds "7"]
[EventCountry "DEN"]
[SourceTitle "Live v. Obro Skakforening"]

1. b3 d5 2. Bb2 c5 3. e3 Nf6 4. f4 Bg4 5. Nf3 Nc6 6. Be2 e6 7. Nc3 d4 8. exd4 cxd4 9. Nb5 Bc5 10. b4 Bb6 11. a4 a5 12. bxa5 Bc5 13. Ne5 Bf5 14. Nd3 Ne4 15. O-O Be7 16. Bf3 O-O 17. Qe2 Nc5 18. Nxc5 Bxc5 19. Qc4 Qe7 20. d3 Nxa5 21. Qa2 Rfd8 22. Rae1 Qh4 23. g3 Qh3 24. Bg2 Qh5 25. h3 Bb4 26. Re5 Nc6 27. g4 Qh6 28. gxf5 Nxe5 29. fxe5 Qe3+ 30. Kh1 Qxe5 31. Qc4 Qc5 32. fxe6 Qxc4 33. dxc4 fxe6 34. Bxb7 Rab8 35. Be4 Bc5 36. a5 Rf8 37. Kg2 Rxf1 38. Kxf1 Kf7 39. Ke2 g6 40. Kd3 e5 41. c3 dxc3 42. Bxc3 Ke6 43. a6 1-0

[Event "Senior-DM 65+ 2025"]
[Site "Copenhagen"]
[Date "2025.02.11"]
[Round "4.15"]
[White "Bauner, Jan"]
[Black "Larsen, Arne Walther"]
[Result "1/2-1/2"]
[WhiteElo "1880"]
[BlackElo "1797"]
[WhiteFideId "1415832"]
[BlackFideId "1411357"]
[EventDate "2025.02.08"]
[EventType "swiss"]
[EventRounds "7"]
[EventCountry "DEN"]
[SourceTitle "Live v. Obro Skakforening"]

1. d4 Nf6 2. Nf3 g6 3. Bf4 Bg7 4. Nc3 d5 5. e3 O-O 6. Bd3 c6 7. O-O Nbd7 8. h3 Re8 9. b4 Nh5 10. Bh2 e5 11. dxe5 Nxe5 12. Nxe5 Bxe5 13. Bxe5 Rxe5 14. Qd2 Ng7 15. f4 Re8 16. Ne2 Qe7 17. Rf3 Bf5 18. Nd4 Be4 19. Bxe4 dxe4 20. Rf2 Rad8 21. c3 Qd6 22. Rd1 b6 23. Rc1 Nf5 24. Qe1 Qf6 25. Nxf5 gxf5 1/2-1/2

[Event "Senior-DM 65+ 2025"]
[Site "Copenhagen"]
[Date "2025.02.11"]
[Round "4.16"]
[White "Strachan, Christian C"]
[Black "Henriksen, Bjarne Meldgaard"]
[Result "0-1"]
[WhiteElo "1800"]
[BlackElo "1821"]
[WhiteFideId "1417215"]
[BlackFideId "1414399"]
[EventDate "2025.02.08"]
[EventType "swiss"]
[EventRounds "7"]
[EventCountry "DEN"]
[SourceTitle "Live v. Obro Skakforening"]

1. c4 Nf6 2. Nf3 g6 3. Nc3 d5 4. cxd5 Nxd5 5. d4 Bg7 6. e4 Nxc3 7. bxc3 c5 8. Rb1 Nc6 9. Be3 O-O 10. Qd2 cxd4 11. cxd4 b6 12. Bb5 Bb7 13. O-O Rc8 14. Rfd1 Na5 15. Qd3 e6 16. Rbc1 Qe7 17. Ne1 Rfd8 18. Rxc8 Rxc8 19. f3 Nc6 20. Nc2 Nb4 21. Nxb4 Qxb4 22. Rb1 Qa5 23. Bc4 Qa4 24. Bb3 Qd7 25. Rd1 Qd6 26. g3 Qb4 27. Qd2 Qxd2 28. Rxd2 Kf8 29. Kf2 Ke7 30. Rc2 Rxc2+ 31. Bxc2 b5 32. Bd3 a6 33. Ke2 Kd7 34. Kd2 Bf8 35. Kc2 Kc6 36. Kb3 Kb6 37. h4 Bc8 38. f4 a5 39. a4 b4 40. Bb5 f6 41. Kc4 Kc7 42. d5 Be7 43. Bd4 exd5+ 44. exd5 Bh3 45. Kb3 Bg2 46. Bc4 Bf3 47. Kb2 Bd1 48. Bb5 Kd6 49. Bb6 Kxd5 50. Bxa5 f5 51. Kc1 Bb3 52. Bb6 Bc5 53. Bxc5 Kxc5 54. Kb2 Bd5 55. Be2 Kd4 56. a5 Ke3 57. Bb5 Kf2 58. a6 Kxg3 59. a7 Kxf4 60. Bc4 Ba8 61. Bg8 h6 62. Kc2 g5 63. hxg5 hxg5 64. Kd2 Kg3 65. Ke1 Kg2 66. Be6 f4 67. Bc4 g4 68. Bf1+ Kg3 69. Bc4 f3 70. Kf1 Kf4 71. Kg1 g3 72. Bf1 b3 73. Bd3 b2 74. Kf1 Ke3 75. Bc2 f2 0-1

[Event "Senior-DM 65+ 2025"]
[Site "Copenhagen"]
[Date "2025.02.12"]
[Round "5.1"]
[White "Thuesen, Mogens Henrik"]
[Black "Andreasen, Per Naesby"]
[Result "0-1"]
[WhiteElo "2216"]
[BlackElo "2233"]
[WhiteFideId "1400878"]
[BlackFideId "1400886"]
[EventDate "2025.02.08"]
[EventType "swiss"]
[EventRounds "7"]
[EventCountry "DEN"]
[SourceTitle "Live v. Obro Skakforening"]

1. e4 d6 2. d4 Nf6 3. Nc3 g6 4. f3 c6 5. Be3 Nbd7 6. Qd2 b5 7. d5 cxd5 8. Nxd5 a6 9. a4 bxa4 10. Qc3 Nxd5 11. exd5 Nf6 12. Rxa4 Bg7 13. Bb5+ Kf8 14. Qd2 Rb8 15. Bxa6 Rxb2 16. Ne2 Rb1+ 17. Nc1 Bd7 18. Ra2 Nxd5 19. Qxd5 Be6 20. Qd3 Bxa2 21. O-O Be6 22. c4 Ra1 23. Bb5 Qa5 24. Qe4 Bf5 25. Qc6 Qa8 26. Qb6 h5 27. Bc6 Qc8 28. Bb7 Qb8 29. c5 Rb1 30. Nb3 Rxf1+ 31. Kxf1 dxc5 32. Bxc5 Kg8 33. Bxe7 Bc8 34. Na5 Bxb7 35. Nxb7 Qe5 36. Bc5 Kh7 37. Nd6 Ra8 0-1

[Event "Senior-DM 65+ 2025"]
[Site "Copenhagen"]
[Date "2025.02.12"]
[Round "5.2"]
[White "Simonsen, Carsten"]
[Black "Andersen, Morten"]
[Result "0-1"]
[WhiteElo "2190"]
[BlackElo "2194"]
[WhiteFideId "1439898"]
[BlackFideId "1504908"]
[EventDate "2025.02.08"]
[EventType "swiss"]
[EventRounds "7"]
[EventCountry "DEN"]
[SourceTitle "Live v. Obro Skakforening"]

1. d4 Nf6 2. Nf3 g6 3. c4 Bg7 4. Nc3 O-O 5. e4 d6 6. Be2 e5 7. d5 a5 8. Bg5 h6 9. Be3 Ng4 10. Bd2 f5 11. h3 Nf6 12. exf5 gxf5 13. g4 Ne4 14. Nxe4 fxe4 15. Ng1 Na6 16. Be3 Nc5 17. Qd2 c6 18. O-O-O Qf6 19. Kb1 cxd5 20. cxd5 Bd7 21. h4 Nd3 22. f3 Ba4 23. Rf1 Rac8 24. b3 Bb5 25. Nh3 exf3 26. Rxf3 Qg6 27. Rxf8+ Bxf8 28. Bxd3 Bxd3+ 29. Ka1 Bg7 0-1

[Event "Senior-DM 65+ 2025"]
[Site "Copenhagen"]
[Date "2025.02.12"]
[Round "5.3"]
[White "Pedersen, Karsten Nymann"]
[Black "Petersen, Nils"]
[Result "1/2-1/2"]
[WhiteElo "2040"]
[BlackElo "1932"]
[WhiteFideId "1410156"]
[BlackFideId "1403346"]
[EventDate "2025.02.08"]
[EventType "swiss"]
[EventRounds "7"]
[EventCountry "DEN"]
[SourceTitle "Live v. Obro Skakforening"]

1. d4 Nf6 2. Nf3 e6 3. g3 c5 4. Bg2 Nc6 5. O-O d5 6. c4 dxc4 7. dxc5 Qxd1 8. Rxd1 Bxc5 9. Nfd2 Na5 10. Nc3 Bd7 11. Nde4 Be7 12. Bf4 Bc6 13. Bc7 b6 14. Rac1 Nxe4 15. Nxe4 Bxe4 16. Bxe4 Rc8 17. Be5 Bf6 18. Bxf6 gxf6 19. b4 f5 20. Bf3 Nc6 21. Rxc4 Ne7 22. Rxc8+ Nxc8 23. Bc6+ Ke7 24. Rd7+ Kf6 25. b5 Ne7 26. Bf3 Rc8 27. Rxa7 Rc5 28. a4 Nd5 29. Bxd5 Rxd5 30. Ra6 Rd4 31. Kg2 Rb4 32. Kf3 Ke5 33. Rxb6 Rxa4 34. Rb7 Ra3+ 35. e3 Kf6 36. Rb8 Rb3 37. b6 Rb2 38. b7 Kg7 39. Kg2 h6 40. Kf1 Kf6 41. Ke1 Ke5 42. f3 Kd6 43. Kf1 Kc7 44. Rf8 Kxb7 45. Rxf7+ Kc6 46. Rf6 Rxh2 47. Rxe6+ Kd5 48. Re8 Kc4 49. e4 fxe4 50. Rxe4+ Kd3 51. Rh4 Ra2 52. Rxh6 Ke3 53. Rf6 Rf2+ 54. Kg1 Rxf3 55. Re6+ Kd4 56. Kg2 Rf8 57. g4 Kd5 58. Re1 Kd6 59. Kg3 Rg8 60. Rf1 Ke6 61. Rf5 Rh8 62. Kf4 Rh7 63. Kg5 Rg7+ 64. Kh5 Rg8 65. Rg5 Rf8 66. Kh6 Rh8+ 67. Kg7 Rh4 68. Rg6+ Ke7 69. Kg8 Rh1 70. Kg7 Rh4 71. Rg5 Ke6 72. Kg6 Ke7 73. Re5+ Kf8 74. Re4 Rh1 75. Rb4 Rh4 76. Rb8+ Ke7 77. g5 Rg4 78. Kf5 Rg1 79. Rb5 Kf7 80. Rb7+ Kf8 81. Kf6 Kg8 82. Kg6 Kf8 83. Rf7+ Kg8 84. Rg7+ 1/2-1/2